<?xml version="1.0" encoding="UTF-8"?>
<collection xmlns="http://www.loc.gov/MARC21/slim">
 <record>
  <leader>01293nam a2200361   4500</leader>
  <controlfield tag="001">DLU110130941</controlfield>
  <controlfield tag="005">##20111227</controlfield>
  <datafield tag="022" ind1="#" ind2="#">
   <subfield code="a">0003-0279</subfield>
   <subfield code="l">0003-0279</subfield>
   <subfield code="2">1</subfield>
  </datafield>
  <datafield tag="040" ind1="#" ind2="#">
   <subfield code="a">DLC</subfield>
   <subfield code="c">DLU</subfield>
   <subfield code="d">DLU</subfield>
  </datafield>
  <datafield tag="041" ind1="#" ind2="#">
   <subfield code="a">eng</subfield>
  </datafield>
  <datafield tag="043" ind1="#" ind2="#">
   <subfield code="a">a------</subfield>
  </datafield>
  <datafield tag="110" ind1="#" ind2="#">
   <subfield code="a">American Oriental Society.</subfield>
  </datafield>
  <datafield tag="210" ind1="#" ind2="#">
   <subfield code="a">J. Am. Orient. Soc.</subfield>
  </datafield>
  <datafield tag="222" ind1="#" ind2="#">
   <subfield code="a">Journal of the American Oriental Society</subfield>
  </datafield>
  <datafield tag="245" ind1="#" ind2="#">
   <subfield code="a">Journal of the American Oriental Society.</subfield>
  </datafield>
  <datafield tag="260" ind1="#" ind2="#">
   <subfield code="a">New Haven [etc.]</subfield>
   <subfield code="b">American Oriental Society.</subfield>
  </datafield>
  <datafield tag="300" ind1="#" ind2="#">
   <subfield code="a">v.</subfield>
   <subfield code="b">ill., ports., maps, facsims.</subfield>
   <subfield code="c">23-27 cm.</subfield>
  </datafield>
  <datafield tag="310" ind1="#" ind2="#">
   <subfield code="a">Frequency varies</subfield>
  </datafield>
  <datafield tag="362" ind1="#" ind2="#">
   <subfield code="a">v. 1- 1843/49-</subfield>
  </datafield>
  <datafield tag="520" ind1="#" ind2="#">
   <subfield code="a">&quot;Proceedings&quot; or &quot;Select minutes of meetings&quot; are included in each volume (except v. 3, 12).</subfield>
  </datafield>
  <datafield tag="520" ind1="#" ind2="#">
   <subfield code="a">List of members in each volume.</subfield>
  </datafield>
  <datafield tag="530" ind1="#" ind2="#">
   <subfield code="a">Also available in microfilm from University Microfilms International.</subfield>
  </datafield>
  <datafield tag="530" ind1="#" ind2="#">
   <subfield code="a">Also issued online.</subfield>
  </datafield>
  <datafield tag="555" ind1="#" ind2="#">
   <subfield code="a">Vols. 1-20, 1843/49-1899 (Issued as v. 21, pt. 1) 1 v.; Vols. 21-40, 1900-20, in v. 44; Vols. 21-60, 1900-40 (Issued as American Oriental series, v. 40) 1 v.</subfield>
  </datafield>
  <datafield tag="610" ind1="#" ind2="#">
   <subfield code="a">American Oriental Society.</subfield>
  </datafield>
  <datafield tag="650" ind1="#" ind2="#">
   <subfield code="a">Oriental philology.</subfield>
  </datafield>
  <datafield tag="900" ind1="#" ind2="#">
   <subfield code="a">True</subfield>
  </datafield>
  <datafield tag="911" ind1="#" ind2="#">
   <subfield code="a">Trương Bảo Trâm Anh</subfield>
  </datafield>
  <datafield tag="925" ind1="#" ind2="#">
   <subfield code="a">G</subfield>
  </datafield>
  <datafield tag="926" ind1="#" ind2="#">
   <subfield code="a">A</subfield>
  </datafield>
  <datafield tag="927" ind1="#" ind2="#">
   <subfield code="a">TT</subfield>
  </datafield>
  <datafield tag="980" ind1="#" ind2="#">
   <subfield code="a">Thư viện Trường Đại học Đà Lạt</subfield>
  </datafield>
 </record>
</collection>
